| 000 -LEADER | |
|---|---|
| fixed length control field | 00407nam a22001577a 4500 |
| 005 - DATE AND TIME OF LATEST TRANSACTION | |
| control field | 20180203120659.0 |
| 008 - FIXED-LENGTH DATA ELEMENTS--GENERAL INFORMATION | |
| fixed length control field | 160427b xxu||||| |||| 00| 0 eng d |
| 020 ## - INTERNATIONAL STANDARD BOOK NUMBER | |
| ISBN | 0-07-048334-5 |
| 041 ## - LANGUAGE CODE | |
| Language code of text/sound track or separate title | eng |
| 082 ## - DEWEY DECIMAL CLASSIFICATION NUMBER | |
| Item number | 00369 |
| Classification number | 004.22 |
| 100 ## - MAIN ENTRY--AUTHOR NAME | |
| Personal name | Carter,Nicholas |
| 245 ## - TITLE STATEMENT | |
| Title | Computer Architecture (Schaum's Out Line & Series) |
| 260 ## - PUBLICATION, DISTRIBUTION, ETC. (IMPRINT) | |
| Place of publication | New Delhi |
| Name of publisher | TMH Publ.co.Ltd. |
| Year of publication | 2002 |
| 300 ## - PHYSICAL DESCRIPTION | |
| Number of Pages | 306 |
| 942 ## - ADDED ENTRY ELEMENTS (KOHA) | |
| Koha item type | Books |
| Lost status | Damaged status | Collection code | Home library | Current library | Shelving location | Date acquired | Full call number | Accession Number | Koha item type |
|---|---|---|---|---|---|---|---|---|---|
| CS/IT | JRU Library | JRU Library | SHELF-49-B | 27/04/2016 | 00369 | 00369 | Books | ||
| CS/IT | JRU Library | JRU Library | SHELF-49-B | 27/04/2016 | 00369 | 00370 | Books | ||
| CS/IT | JRU Library | JRU Library | SHELF-49-B | 27/04/2016 | 00369 | 00371 | Books | ||
| CS/IT | JRU Library | JRU Library | SHELF-49-B | 27/04/2016 | 00369 | 00372 | Books | ||
| CS/IT | JRU Library | JRU Library | SHELF-49-B | 27/04/2016 | 00369 | 00373 | Books | ||
| CS/IT | JRU Library | JRU Library | SHELF-49-B | 27/04/2016 | 00369 | 00374 | Books | ||
| CS/IT | JRU Library | JRU Library | SHELF-49-B | 27/04/2016 | 00369 | 00375 | Books | ||
| CS/IT | JRU Library | JRU Library | SHELF-53-B | 27/04/2016 | 00369 | 00376 | Books | ||
| CS/IT | JRU Library | JRU Library | SHELF-49-B | 27/04/2016 | 00369 | 00377 | Books |